[Event "Estensi op"]
[Site "Estensi"]
[Date "2001.06.03"]
[Round "2"]
[White "Ristic, Nenad"]
[Black "Mauro, Alan"]
[Result "1-0"]
[WhiteElo "2425"]
[BlackElo "2225"]
[PlyCount "79"]
[EventDate "2001.06.02"]
[EventType "swiss"]
[EventRounds "9"]
[EventCountry "ITA"]
[SourceTitle "CBM 082 Extra"]
[Source "ChessBase"]
[SourceDate "2001.07.03"]
[SourceVersion "1"]
[SourceVersionDate "2001.07.03"]
[SourceQuality "1"]

1. e4 c5 2. Nf3 Nc6 3. c3 Nf6 4. e5 Nd5 5. d4 cxd4 6. Bc4 e6 7. cxd4 d6 8. 0-0 dxe5 9. dxe5 Be7 10. Qe2 0-0 11. Qe4 Qc7 12. Nc3 Nxc3 13. bxc3 b6 14. Bg5 Bb7 15. Bd3 g6 16. Qh4 Bxg5 17. Nxg5 h5 18. f4 Ne7 19. Rae1 Rad8 20. Be4 Bxe4 21. Nxe4 Nf5 22. Qg5 Kg7 23. Rf3 Qe7 24. Nf6 Rh8 25. h4 Rd2 26. Kh2 Qd8 27. a4 a6 28. c4 Rd1 29. Rxd1 Qxd1 30. Ne4 Qd8 31. Qf6+ Qxf6 32. exf6+ Kh6 33. Ng5 Rf8 34. Rb3 Nxh4 35. Rxb6 Nf5 36. Rb7 h4 37. Kh3 Nd6 38. Rd7 Nxc4 39. Nxf7+ Kh5 40. Ne5 1-0

[Event "Lido degli Estensi op 1st"]
[Site "Lido degli Estensi"]
[Date "2000.06.04"]
[Round "9.9"]
[White "Mauro, Alan"]
[Black "Diotallevi, Maurizio"]
[Result "1/2-1/2"]
[WhiteElo "2231"]
[BlackElo "1921"]
[PlyCount "56"]
[EventDate "2000.05.27"]
[EventType "swiss"]
[EventRounds "9"]
[EventCountry "ITA"]
[SourceTitle "EXT 2023"]
[Source "ChessBase"]
[SourceDate "2022.10.05"]
[SourceVersion "1"]
[SourceVersionDate "2022.10.05"]
[SourceQuality "1"]

1. Nf3 Nf6 2. b3 b6 3. Bb2 Bb7 4. e3 e6 5. Be2 Be7 6. 0-0 0-0 7. d4 d5 8. Nbd2 Nbd7 9. c4 c5 10. Rc1 Rc8 11. Ne5 cxd4 12. exd4 Ne4 13. Nxd7 Qxd7 14. Nf3 Rfd8 15. Bd3 Nf6 16. Ne5 Qe8 17. Qf3 Qf8 18. Ba1 Rc7 19. Qh3 Rdc8 20. Rfe1 g6 21. Re3 Qg7 22. Rce1 Nd7 23. f4 Nxe5 24. fxe5 Bf8 25. Rf1 Qh6 26. Bb2 Qxh3 27. Rxh3 Rd7 28. Kf2 Rdc7 1/2-1/2

[Event "Lido degli Estensi op 1st"]
[Site "Lido degli Estensi"]
[Date "2000.05.29"]
[Round "3.5"]
[White "Mauro, Alan"]
[Black "Djuric, Stefan"]
[Result "0-1"]
[WhiteElo "2231"]
[BlackElo "2491"]
[PlyCount "108"]
[EventDate "2000.05.27"]
[EventType "swiss"]
[EventRounds "9"]
[EventCountry "ITA"]
[SourceTitle "EXT 2023"]
[Source "ChessBase"]
[SourceDate "2022.10.05"]
[SourceVersion "1"]
[SourceVersionDate "2022.10.05"]
[SourceQuality "1"]

1. Nf3 Nf6 2. b3 d6 3. d4 Bg4 4. e3 c6 5. Be2 Qa5+ 6. c3 e5 7. 0-0 Nbd7 8. Nfd2 Bxe2 9. Qxe2 d5 10. e4 0-0-0 11. exd5 Qxd5 12. Nf3 exd4 13. Nxd4 Bc5 14. Be3 Rhe8 15. Nd2 Ne5 16. h3 Ng6 17. Qf3 Nh4 18. Qxd5 Nxd5 19. Bg5 Be7 20. Bxe7 Rxe7 21. c4 Nf4 22. N2f3 Nfxg2 23. Nf5 Nxf3+ 24. Kxg2 Re5 25. Ne3 Nd2 26. Rg1 f5 27. Rad1 f4 28. Ng4 Ra5 29. Rge1 Rxa2 30. Re7 f3+ 31. Kh2 h5 32. Ne5 Nxc4 33. Rxd8+ Kxd8 34. Rd7+ Ke8 35. bxc4 Rxf2+ 36. Kg3 Re2 37. Rxb7 Rxe5 38. Rxg7 Rf5 39. Kf2 a5 40. Rc7 Rc5 41. Kxf3 Rxc4 42. Rh7 h4 43. Ke3 Kd8 44. Kd3 Rf4 45. Ke3 Rb4 46. Kd3 Rb3+ 47. Kc4 Rxh3 48. Kc5 a4 49. Kxc6 a3 50. Kd5 a2 51. Ra7 Rd3+ 52. Ke4 Rd2 53. Ke3 Rb2 54. Kf3 h3 0-1